[Event "HUN-ch Rapid 2020"]
[Site "Ajka"]
[Date "2020.07.19"]
[Round "12.13"]
[White "Krstulovic, Alex"]
[Black "Horvath, Peter"]
[Result "1-0"]
[WhiteElo "2338"]
[BlackElo "2409"]
[Annotator "TA"]
[PlyCount "79"]
[EventDate "2020.07.17"]
[EventType "rapid"]
[EventCountry "HUN"]
[SourceTitle "playchess.com"]
[Source "ChessBase"]
[SourceQuality "1"]

{[%evp 12,79,39,35,54,44,100,100,105,76,85,69,74,39,38,0,51,39,42,0,42,41,54,62,64,42,45,42,41,47,50,37,111,112,122,114,116,112,122,70,116,101,112,109,114,119,129,93,127,116,146,89,181,195,215,220,329,329,329,329,322,322,319,314,255,254,681,677,613,575]} 1. d4 d5 2. Nf3 Nf6 3. Bf4 c5 4. e3 Nc6 5. Nbd2 cxd4 6. exd4 Bg4 {Recently 6...Qb6 got a lot of attention.} 7. c3 Qb6 {B13: Caro-Kann: Exchange Variation and Panov-Botvinnik Attack.} 8. Qb3 Qxb3 (8... e6 $14) 9. axb3 $16 Nd7 {White is better.} 10. Bb5 {[#]} a6 $146 ({Predecessor:} 10... e6 11. Ne5 Ndxe5 12. Bxe5 f6 13. Bf4 Kf7 14. O-O Be7 15. Bxc6 bxc6 16. Ra6 Be2 17. Rxc6 Bxf1 18. Kxf1 {0-1 (36) Chauhan,A-Schweitzer,W (2115) London 2010}) 11. O-O Rc8 12. Bxc6 (12. Bd3 {with more complications.} Bh5 13. b4 e6 14. Rfe1 Be7 15. h3) 12... Rxc6 13. b4 Rb6 (13... f6 $11) 14. Bc7 Rc6 15. Bf4 (15. Bg3 {looks sharper.} Rb6 16. Rfe1 e6 17. h3 Bf5 18. Bc7) 15... Rb6 16. Ra5 $36 {[%mdl 2048] White is pushing.} Bxf3 17. Nxf3 e6 18. Rfa1 Bd6 19. Bxd6 Rxd6 20. b5 {[%cal Rb5a6]} Nb8 $1 21. bxa6 bxa6 (21... Rxa6 $14 22. Rxa6 Nxa6) 22. Ne5 Rb6 23. Nd3 Ke7 24. R1a2 Rc8 {[#] And now ...Rxc3! would win.} 25. Nc5 (25. f3 $16) 25... Rcc6 26. b4 g5 27. f3 f6 28. Kf2 Kd6 29. Ke3 h6 30. Kd3 Ke7 31. Ra1 ({Better is} 31. Na4) 31... Kd6 (31... Rd6 $16) 32. h4 $18 gxh4 33. Rh1 Rb5 (33... Rc7 $142 34. Rxh4 Rh7) 34. Rxb5 ({Resist} 34. Rxh4 $6 Rxa5 35. Nb7+ (35. bxa5 Nd7 $18) 35... Ke7 $18) 34... axb5 35. Rxh4 {KRN-KRN} Rc7 36. Rxh6 Rf7 37. g4 Nd7 38. Rh8 Nxc5+ $2 {[#]} (38... Nf8 39. Ke3 Ke7) 39. bxc5+ Kc6 40. Rc8+ {Accuracy: White = 78%, Black = 60%.} 1-0

[Event "HUN-ch Rapid 2020"]
[Site "Ajka"]
[Date "2020.07.19"]
[Round "12.14"]
[White "Bagi, Mate"]
[Black "Balint, Vilmos"]
[Result "1/2-1/2"]
[WhiteElo "2478"]
[BlackElo "2140"]
[Annotator "TA"]
[PlyCount "65"]
[EventDate "2020.07.17"]
[EventType "rapid"]
[EventCountry "HUN"]
[SourceTitle "playchess.com"]
[Source "ChessBase"]
[SourceQuality "1"]

{[%evp 18,65,14,0,20,0,26,27,27,23,13,-38,-42,-36,-29,-57,-19,-42,-12,-27,11,14,37,0,8,0,0,-21,43,42,50,0,0,0,0,0,0,0,287,261,672,413,544,558,577,580,595,516,709,626]} 1. e4 e6 2. Qe2 Be7 3. Nf3 d5 4. d3 c5 5. g3 Nc6 6. Bg2 Nf6 7. O-O O-O 8. e5 Nd7 9. c4 Nb6 10. Rd1 Bd7 {C00: French: Unusual White 2nd moves.} 11. h4 {[#]} Qc7 $146 ({Predecessor:} 11... h6 12. Nc3 a6 13. b3 Qc8 14. a4 Na5 15. Qc2 Qe8 16. Bf4 Rc8 17. Bd2 Nc6 18. a5 {0-1 (46) Martin Rueda,D (2276)-Martin Duque,J (2346) Madrid 2018}) 12. Nc3 Nd4 {White has an edge.} 13. Nxd4 cxd4 14. Nb5 (14. cxd5 $11 dxc3 15. d6 Bxd6 16. exd6 Qxd6 17. Bf4) 14... Bxb5 $1 $15 15. cxb5 Nd7 16. Bf4 Qa5 17. a4 Rac8 {[%cal Ba8c8,Bc8c7,Bc7c2][%mdl 32]} 18. h5 Rc7 19. Qg4 {Strongly threatening Bh6!} Rfc8 20. Bh6 {[%csl Gh6][%cal Rg4g7]} g6 $1 21. Qxd4 Rc2 $1 22. Rf1 Qb4 ({Black should play} 22... Bc5 $11 23. Qf4 Qb4) 23. Qxa7 $14 Nxe5 {White must now prevent ...Ng4.} 24. Qxb7 Ng4 $1 {[%cal Rg4h6]} 25. Bf4 {Hoping for Rac1.} e5 26. Be3 Nxe3 27. fxe3 e4 $2 {[%mdl 8192]} (27... Rxg2+ $1 $11 {and Black is okay.} 28. Kxg2 Rc2+ 29. Kh3 (29. Kh1 Qg4 30. Qb8+ Bf8 31. Qxf8+ Kxf8 32. Rxf7+ {[%mdl 64] Remove Defender} Kxf7 33. Rf1+ Kg8 34. Rf2 Rxf2 35. Kg1 Qxg3+ {[%mdl 64] Double Attack} 36. Kh1 Qh2#) 29... Qd2 30. Qb8+ {[%mdl 64] Double Attack} (30. hxg6 {leads to mate.} Qh2+ 31. Kg4 Qe2+ {[%mdl 64] Double Attack} 32. Rf3 h5+ {[%mdl 64] Deflection, Decoy} 33. Kxh5 Qxf3+ {[%mdl 64] Double Attack} 34. g4 Qh3#) 30... Bf8 31. Qxe5 Qh2+ 32. Kg4 Qe2+ 33. Rf3 f5+ 34. Kg5 Qxf3 35. Qe6+ {[%mdl 64] Double Attack} Kh8 36. Qf6+ {[#]} Kg8 $1 {[%mdl 512]} 37. Qe6+ Kh8 38. Qf6+ Kg8 $1 {[%mdl 512]} 39. Qe6+) 28. Qxd5 $18 {[%mdl 64] Double Attack} Bf6 $2 (28... Qd2 29. Qxe4 Bg5) 29. Qxe4 Qxb2 30. Rab1 {White is clearly winning.} Qa2 31. b6 Be5 32. b7 Rb8 33. Qd5 {[%mdl 32768] Accuracy: White = 70%, Black = 50%. . An unexpected result.} 1/2-1/2

[Event "HUN-ch Rapid 2020"]
[Site "Ajka"]
[Date "2020.07.19"]
[Round "12.15"]
[White "Lehocz, Jozsef"]
[Black "Korpa, Bence"]
[Result "0-1"]
[WhiteElo "1959"]
[BlackElo "2545"]
[Annotator "TA"]
[PlyCount "40"]
[EventDate "2020.07.17"]
[EventType "rapid"]
[EventCountry "HUN"]
[SourceTitle "playchess.com"]
[Source "ChessBase"]
[SourceQuality "1"]

{[%evp 12,40,27,-23,-4,5,5,-38,-39,-36,-31,-46,-4,-88,-56,-93,-91,-200,-168,-213,-225,-814,-799,-1144,-1091,-29984,-29985,-2776,-2109,-29988,-29989]} 1. e4 c6 2. d4 d5 3. exd5 cxd5 4. Bd3 Nc6 5. c3 g6 6. Bf4 Bg7 7. Nd2 Nh6 {B13: Caro-Kann: Exchange Variation and Panov-Botvinnik Attack.} 8. Bxh6 Bxh6 {[#]} 9. h4 $146 ({Predecessor:} 9. Ngf3 O-O 10. O-O Bg7 11. Re1 a6 12. a4 b6 13. Ne5 Nxe5 14. dxe5 e6 15. Qg4 {1-0 (64) Lopez,J (1809)-Echavarria,G (1882) Antioquia 2018}) 9... e5 {Black is slightly better.} 10. dxe5 Nxe5 11. Bb5+ Kf8 12. Qe2 (12. Ndf3 $11 {remains equal.} f6 13. Nxe5 fxe5 14. Nf3) 12... Nc6 {[%cal Be5c6,Bc6b4,Bb4d3][%mdl 32]} 13. O-O-O Kg7 $36 {[%mdl 2048] Black is in control.} 14. h5 (14. Bxc6 $17 {was worth a try.} bxc6 15. Re1) 14... Bf5 {Threatens to win with ...Re8.} 15. hxg6 hxg6 16. Nh3 $2 (16. Bxc6 bxc6 17. Ngf3) 16... Re8 $19 17. Qf1 {[#]} Nb4 $1 {[%cal Rb4a2][%mdl 512]} 18. b3 {[#]} (18. cxb4 Rc8+) 18... Qa5 $1 {[%cal Ra5a3][%mdl 512]} 19. a4 {[#]} Nd3+ $1 {[%mdl 576] Discovered Attack} 20. Kb1 (20. Bxd3 Qxc3+) 20... Qxc3 {White got outplayed after the opening. Accuracy: White = 12%, Black = 67%.} 0-1

[Event "HUN-ch Rapid 2020"]
[Site "Ajka"]
[Date "2020.07.19"]
[Round "12.16"]
[White "Fancsy, Imre"]
[Black "Kolimar, Kristof Pal"]
[Result "1-0"]
[WhiteElo "2352"]
[BlackElo "2135"]
[Annotator "TA"]
[PlyCount "133"]
[EventDate "2020.07.17"]
[EventType "rapid"]
[EventCountry "HUN"]
[SourceTitle "playchess.com"]
[Source "ChessBase"]
[SourceQuality "1"]

{[%evp 9,133,13,23,5,14,7,0,1,15,9,53,41,51,20,32,23,31,23,20,17,36,31,29,25,15,7,22,11,24,18,29,31,95,77,146,141,148,147,152,140,184,181,183,190,236,225,244,224,251,233,284,265,316,47,58,47,281,274,290,0,79,75,75,15,20,22,23,22,65,0,0,0,83,83,79,26,27,28,23,8,19,1,8,-39,0,-212,-203,-204,-203,-171,-181,-176,-176,-177,-183,-210,-208,-308,-305,-313,-301,-226,-8,-8,0,-159,0,0,0,0,0,0,8,8,504,2746,2235,2118,29977,29975,29984,29975,29971,29969,11115,5089]} 1. Nf3 Nf6 2. c4 e6 3. g3 d5 4. Bg2 dxc4 5. Qa4+ Bd7 6. Qxc4 {A13: English Opening: 1...e6.} c5 7. Ne5 Qc8 8. Qd3 {The position is equal.} Nc6 9. Nxd7 Qxd7 (9... Nxd7 {looks sharper.} 10. O-O Be7 11. b3 O-O 12. Qc2 f5) 10. Qxd7+ Kxd7 {[#]} 11. Na3 $146 ({Predecessor:} 11. d3 Rc8 12. Nc3 Be7 13. Be3 Rhd8 14. Rc1 b6 15. O-O Ke8 16. Rfd1 Nd5 17. Bd2 {½-½ (115) Howell,D (2696)-Adams,M (2703) London 2018}) 11... Bd6 12. d3 Rac8 13. e3 Rhd8 14. Ke2 Ke7 15. Bd2 b6 16. Rhd1 Nd5 17. Be1 Be5 18. Nc4 Bc7 19. a3 b5 20. Nd2 Be5 (20... Ne5 $14) 21. Rab1 a6 (21... Na5 $142) 22. Rdc1 $16 Nb8 23. f4 $36 {[%mdl 2048] White is on the roll.} Bc7 24. e4 Nb6 25. Rxc5 Na4 26. Rc2 $1 {And now Rbc1 would win.} Bb6 27. Rbc1 $1 Rxc2 28. Rxc2 Bd4 29. Nb3 $1 {[%cal Rb3d4]} Bxb2 30. Rc7+ Rd7 31. Rc8 $2 (31. Bb4+ $1 $18 Ke8 32. Rc2) 31... Rd8 $14 32. Bb4+ Ke8 $2 (32... Kd7 $14 33. Rxd8+ Kxd8) 33. Rc7 $18 Rd7 {[#]} 34. Rc8+ $2 (34. Rc2 $1 $18) 34... Rd8 $16 35. Rc2 {Threatens to win with e5.} Kd7 36. Na5 (36. e5 $16 Rc8 37. Rxc8 Kxc8 38. Bd6) 36... Rc8 $11 37. Rxc8 Kxc8 38. e5 Bc3 39. Nb7 (39. Bxc3 $14 Nxc3+ 40. Kd2) 39... Bxb4 40. axb4 {[%mdl 4096] Endgame KBN-KNN} f6 (40... Nc3+ $1 $11 {keeps the balance.} 41. Ke3 Na2) 41. Kd2 $16 Kc7 42. d4 ({White should try} 42. Na5 $16) 42... Nc6 $11 43. Bxc6 Kxc6 {KN-KN} 44. Nd6 Kd7 45. Ne4 f5 46. Ng5 h6 47. Nf7 $2 (47. Nf3 $11 {and White stays safe.}) 47... Nb6 $19 48. Kc3 Nd5+ 49. Kb3 Ke7 50. Nd6 {[#]} g5 $1 51. fxg5 hxg5 52. Nb7 f4 {aiming for ...f3.} 53. gxf4 (53. Nc5 $142) 53... gxf4 54. Nc5 f3 55. Ne4 Nf4 $2 (55... Kf8 $19 {White must now prevent ...Kg7.} 56. h4 Kg7) 56. Kc3 $11 Nd5+ $2 ({Better is} 56... Kf8 $11) 57. Kb3 $17 Kf7 $2 (57... Ke8 $17 {Strongly threatening ...Kf8.} 58. Kc2 Nxb4+ 59. Kd2 Nc6) 58. Ng5+ $11 {[%mdl 64] Double Attack} Kg6 {( -> ...f2)} 59. Nxf3 Kf5 60. h4 Ke4 61. h5 Ne7 $2 {[%mdl 8192]} (61... Kf5 $1 $11 {and Black is okay.}) 62. h6 $18 Ng6 63. h7 Ke3 {[#]} 64. d5 $1 {[%mdl 576] Promotion} exd5 65. e6 Kxf3 {[#]} 66. h8=Q $1 {[%mdl 576] Deflection, Promotion} Nxh8 67. e7 {Both players deserved the win here. Accuracy: White = 75%, Black = 59%.} 1-0

[Event "HUN-ch Rapid 2020"]
[Site "Ajka"]
[Date "2020.07.19"]
[Round "12.17"]
[White "Persanyi, Barnabas"]
[Black "Farago, Sandor"]
[Result "1-0"]
[WhiteElo "2370"]
[BlackElo "2218"]
[Annotator "TA"]
[PlyCount "143"]
[EventDate "2020.07.17"]
[EventType "rapid"]
[EventCountry "HUN"]
[SourceTitle "playchess.com"]
[Source "ChessBase"]
[SourceQuality "1"]

{[%evp 12,143,8,0,7,0,0,10,23,8,33,0,3,0,2,1,14,-19,-14,-13,-14,-32,-19,-33,0,0,0,-18,0,0,0,-36,-16,-14,16,-52,67,60,130,135,150,136,349,145,137,137,125,132,131,116,144,83,219,165,208,126,122,115,128,81,114,93,118,57,68,56,56,52,66,56,60,52,50,50,72,45,53,48,54,31,83,78,93,79,76,83,154,85,161,159,379,358,520,512,485,472,504,517,9613,5522,1529,760,1070,1045,1032,1032,2156,1950,29967,29970,29970,29971,29970,29970,29982,29982,29981,29982,29985,29984,29986,29987,29987,29988,29991,29992,29992,29993,29993,29994,29994,29994,29995,29996]} 1. c4 c5 2. g3 Nc6 3. Bg2 g6 4. Nc3 Bg7 5. d3 e6 6. e4 Nge7 7. Nge2 a6 {A36: Symmetrical English vs ...g6: 4 Bg2 Bg7.} 8. O-O Rb8 9. Be3 Nd4 {The position is equal.} 10. Rb1 d6 11. a3 O-O 12. b4 Nec6 13. Qd2 {[#]} Re8 $146 ({Predecessor:} 13... Nxe2+ 14. Nxe2 Nd4 15. Nxd4 {½-½ (15) Haselhorst,H (2089)-Hinteregger,A (2217) Neumarkt am Wallersee 2012}) 14. b5 axb5 15. Nxb5 Nxb5 16. Rxb5 Ra8 17. Rb3 Na5 18. Rbb1 Nc6 19. Rb3 Na5 20. Rbb1 Nc6 21. d4 cxd4 22. Nxd4 Ne5 23. Qc1 (23. Rfc1 $11) 23... Nd3 (23... Bd7 $15) 24. Qc2 $1 $14 {[%cal Rc2d3]} Nc5 (24... Ne5 $14) 25. Nb5 $16 Ra6 26. Rfd1 {aiming for Bxc5.} Na4 $2 (26... Qe7 $16) 27. Rxd6 (27. Rb4 $18 {and White stays clearly on top.}) 27... Rxd6 28. Nxd6 {[%mdl 64] Discovered Attack} Qxd6 29. Qxa4 Rd8 30. Bf3 Qe7 31. Qa5 (31. Qb4 $142 Rd7 32. c5) 31... h6 (31... Bd4 $16) 32. Bc5 Qe8 33. Qb5 e5 34. Qxe8+ Rxe8 35. Kg2 Be6 36. Be2 Rc8 {[#]} 37. Rb5 (37. Be3 $1 $16) 37... Bd7 $14 38. Ra5 Bc6 39. f3 Rd8 40. Be3 f5 41. exf5 gxf5 42. Kf2 Kh7 43. c5 Kg6 44. Bb5 Bd5 $1 45. Ra7 Bf6 ({Black should play} 45... Bf8 $14) 46. a4 $16 {[%cal Ba3a4,Ba4a5,Ba5a6][%mdl 32] White now steadily converts the win.} Bg5 47. f4 exf4 48. Bxf4 Bf6 {[#]} (48... Bxf4 $142 49. gxf4 Be4) 49. Be3 (49. a5 $142 $1) 49... Be4 (49... h5 $16 {is a better defense.}) 50. a5 $18 Bd4 $2 (50... Rb8 $16 51. Bc4 h5) 51. a6 Bxe3+ (51... bxa6 {might work better.} 52. Rxa6+ Kg7) 52. Kxe3 bxa6 53. Rxa6+ {[%mdl 4096] Endgame KRB-KRB} Kg7 54. c6 Bd5 (54... Re8 $142 55. Ra7+ Kf6) 55. c7 Rc8 56. Rd6 (56. Ra7 $142 Kf6 57. Bd7 Rxc7 58. Rxc7) 56... Bb7 57. Rd7+ Kf6 58. Kd4 Ke6 59. Kc5 h5 60. Kb6 {White mates.} Bf3 61. Rd8 Rxc7 62. Kxc7 h4 63. Bd7+ Ke5 64. Re8+ Kf6 65. Rf8+ Kg7 66. Rxf5 Be2 67. gxh4 Kh6 68. Rg5 Bh5 69. Kd6 Bf7 70. Ke7 Bc4 71. Kf6 Be2 72. Bg4 {Accuracy: White = 64%, Black = 53%.} 1-0

[Event "HUN-ch Rapid 2020"]
[Site "Ajka"]
[Date "2020.07.19"]
[Round "12.18"]
[White "Ongut, Tamas Gunes"]
[Black "Hardicsay, Peter"]
[Result "1-0"]
[WhiteElo "2269"]
[BlackElo "2205"]
[Annotator "TA"]
[PlyCount "48"]
[EventDate "2020.07.17"]
[EventType "rapid"]
[EventCountry "HUN"]
[SourceTitle "playchess.com"]
[Source "ChessBase"]
[SourceQuality "1"]

{[%evp 9,48,10,24,20,38,0,0,-28,-8,-84,-42,-34,16,24,9,-54,-54,-41,-51,-86,-60,-87,-43,-38,0,-2,66,59,59,0,97,95,108,101,340,349,429,404,1022,612,590]} 1. e4 c6 2. d4 d5 3. e5 Bf5 4. h4 h6 5. g4 Bd7 6. Nc3 {B12: Caro-Kann: Advance Variation.} e6 7. h5 c5 8. Nge2 {The position is equal.} Nc6 {[#]} 9. Bf4 $146 (9. f4 $11 {keeps the balance.}) ({Predecessor:} 9. f4 Qb6 10. Be3 cxd4 11. Nxd4 Bc5 12. Na4 Qa5+ 13. c3 Nxd4 14. Nxc5 Qxc5 15. Bxd4 {0-1 (49) Scott,I-Al Audari,A Novi Sad 1990}) 9... cxd4 10. Nxd4 Nxd4 11. Qxd4 Ne7 12. Bg2 (12. O-O-O $11) 12... Nc6 13. Qd2 Rc8 14. O-O Be7 15. Rad1 a6 16. Ne2 {[%cal Bc3e2,Be2g3,Bg3h5][%mdl 32]} Bg5 {Black wants to play ...Nxe5!} 17. c4 dxc4 (17... O-O $11) 18. Bxg5 $1 $14 hxg5 19. f4 ({White should try} 19. Qe3 $14) 19... gxf4 (19... Qc7 $11) 20. Qxf4 $16 {[%csl Gf1][%cal Rf4f7]} Qe7 {[#]} 21. Ng3 $1 O-O $2 {[#] This move loses the game for Black.} (21... Nb4 $16 {might work better.}) 22. h6 $1 $18 {[%cal Rh6g7] hxg7 is the strong threat.} f5 23. hxg7 Rf7 (23... Qxg7 $142 24. gxf5 Nxe5) 24. Nh5 {Threatens to win with Qh6.} Nxe5 {Accuracy: White = 49%, Black = 40%.} 1-0

[Event "HUN-ch Rapid 2020"]
[Site "Ajka"]
[Date "2020.07.19"]
[Round "12.19"]
[White "Molnar, Bela"]
[Black "Gaal, Zsoka"]
[Result "1/2-1/2"]
[WhiteElo "2307"]
[BlackElo "2197"]
[Annotator "TA"]
[PlyCount "30"]
[EventDate "2020.07.17"]
[EventType "rapid"]
[EventCountry "HUN"]
[SourceTitle "playchess.com"]
[Source "ChessBase"]
[SourceQuality "1"]

{[%evp 9,30,-9,15,13,9,14,0,-6,11,0,-4,0,0,0,-4,-19,0,-24,-24,-39,-18,-10,-14]} 1. e4 c5 2. Nc3 Nc6 3. Bb5 Nd4 4. Nf3 a6 5. Bc4 e6 (5... b5 {seems wilder.}) 6. Nxd4 {B30: Sicilian: 2...Nc6 3 Bb5, lines without ...g6.} cxd4 7. Ne2 Bc5 8. O-O Ne7 9. c3 Nc6 10. b4 Ba7 {[#]} 11. Bb2 $146 {[%cal Re2d4]} ({Predecessor:} 11. Nxd4 Nxd4 12. cxd4 d5 13. exd5 exd5 14. Bd3 O-O 15. Bb2 Qg5 16. f4 Qf6 17. Kh1 {0-1 (38) Iruzubieta Villaluenga,J (2340)-San Segundo Carrillo,P (2470) Elgoibar 1994}) 11... dxc3 12. Bxc3 O-O 13. d4 d5 14. Bd3 dxe4 (14... e5 $5) 15. Bxe4 Ne7 {A rather calm draw. Accuracy: White = 100%, Black = 100%.} 1/2-1/2

[Event "HUN-ch Rapid 2020"]
[Site "Ajka"]
[Date "2020.07.19"]
[Round "12.20"]
[White "Varga, Peter"]
[Black "Nogrady, Vilmos"]
[Result "1-0"]
[WhiteElo "2371"]
[BlackElo "2128"]
[Annotator "RC"]
[PlyCount "60"]
[EventDate "2020.07.17"]
[EventType "rapid"]
[EventCountry "HUN"]
[SourceTitle "playchess.com"]
[Source "ChessBase"]
[SourceQuality "1"]

1. d4 Nf6 2. c4 c5 3. d5 b5 4. cxb5 a6 5. bxa6 Bxa6 6. Nc3 d6 7. e4 Bxf1 8. Kxf1 g6 9. Nf3 Bg7 10. h3 Nbd7 11. Kg1 O-O 12. Kh2 Qa5 13. Re1 Rfb8 14. Re2 Ne8 15. Bf4 Bxc3 16. bxc3 f6 17. Rc1 Ne5 18. Bxe5 dxe5 19. c4 Nd6 20. Qd3 Rb4 21. Rec2 Ra4 22. Ra1 Ra3 23. Qe2 Rb8 24. Ne1 Rc3 25. Rac1 Rxc2 26. Rxc2 Rb4 27. Nd3 Rxc4 28. Rxc4 Nxc4 29. Qc2 Nd6 30. Nxc5 Qe1 1-0

[Event "HUN-ch Rapid 2020"]
[Site "Ajka"]
[Date "2020.07.19"]
[Round "12.21"]
[White "Havanecz, Bianka"]
[Black "Egresi, Mate"]
[Result "0-1"]
[WhiteElo "2251"]
[BlackElo "2362"]
[Annotator "TA"]
[PlyCount "80"]
[EventDate "2020.07.17"]
[EventType "rapid"]
[EventCountry "HUN"]
[SourceTitle "playchess.com"]
[Source "ChessBase"]
[SourceQuality "1"]

{[%evp 12,80,24,24,14,0,4,0,0,-10,0,0,31,-21,0,0,19,6,0,-117,-114,-121,-50,-123,-130,-119,-68,-72,-68,-86,-74,-107,-92,-91,-95,-71,-77,-97,-45,-127,-113,-308,-123,-238,-239,-364,-368,-389,-396,-387,-375,-384,-381,-440,-406,-529,-533,-525,-515,-807,-783,-756,-762,-941,-897,-1298,-1246,-1094,-972,-5222,-5198]} 1. d4 d5 2. c4 e6 3. Nf3 Nf6 4. g3 dxc4 5. Bg2 Bb4+ 6. Bd2 a5 7. O-O O-O {E04: Open Catalan: 5 Nf3.} 8. Qc2 {is now debated instead of 8.Bg5.} Bxd2 9. Nbxd2 b5 $1 {The position is equal.} 10. Ne5 Ra6 {[#]} 11. e3 $146 ({Predecessor:} 11. a4 c6 12. Rfd1 Qxd4 13. Ndf3 Qe4 14. Qxe4 Nxe4 15. Nd4 Nc5 16. Ndxc6 Nxc6 17. axb5 Nxe5 18. bxa6 Nxa6 19. Rxa5 Nd7 20. Rd4 Nac5 {1-0 (20) Kvisvik,B (2314)-Isaksson,P (2016) Reykjavik 2013}) 11... Nfd7 12. Ndf3 ({White should play} 12. Nxd7 $14 Nxd7 13. b3) 12... Nxe5 13. Nxe5 f6 14. Nf3 Nc6 15. a3 {[#]} (15. b3 $11) 15... a4 $1 $17 16. Rad1 Bb7 (16... Na5 $17) 17. Nd2 (17. d5 $1 $15 Ne7 18. dxe6) 17... Qa8 18. f3 e5 (18... Na5 $17 19. Qc3 Nb3) 19. Ne4 $15 exd4 20. exd4 Ne7 21. Nc5 Rd6 22. Rfe1 Ng6 23. Nxb7 Qxb7 24. f4 Qb6 (24... c6 $17) 25. Qf2 (25. Kf1 $15) 25... Rfd8 $17 26. f5 $2 {[#]} (26. Kf1 $17) 26... Nf8 $2 (26... Ne5 $1 $19 {[%cal Re5g4][%mdl 512] and Black stays clearly on top.} 27. d5 (27. dxe5 Rxd1) 27... Qxf2+ 28. Kxf2 Nd3+ 29. Rxd3 cxd3) 27. Re4 {[#]} (27. Kf1 $17 {might work better.}) 27... c5 $1 $19 {[%mdl 512]} 28. Re7 (28. d5 {is the only way for White.} Rxd5 29. Rxd5 Rxd5 30. Re1) (28. dxc5 Rxd1+) 28... cxd4 ({Weaker is} 28... Rxd4 29. Rde1 $19) 29. Qf4 d3+ 30. Kf1 R6d7 31. Re4 Qd6 32. Qg4 Re7 33. Rde1 Rxe4 {Black is clearly winning.} 34. Qxe4 Nd7 35. Qd5+ (35. Qe6+ $142 Qxe6 36. fxe6) 35... Qxd5 36. Bxd5+ Kf8 37. Bc6 Ne5 38. Bxb5 Rb8 39. Bxa4 Rxb2 40. Ra1 c3 {Accuracy: White = 33%, Black = 82%.} 0-1

[Event "HUN-ch Rapid 2020"]
[Site "Ajka"]
[Date "2020.07.19"]
[Round "12.23"]
[White "Gombocz, Ferenc Jr."]
[Black "Deak, Sandor"]
[Result "1-0"]
[WhiteElo "2209"]
[BlackElo "2281"]
[Annotator "TA"]
[PlyCount "142"]
[EventDate "2020.07.17"]
[EventType "rapid"]
[EventCountry "HUN"]
[SourceTitle "playchess.com"]
[Source "ChessBase"]
[SourceQuality "1"]

{[%evp 20,142,0,-7,0,-8,2,-36,0,-6,0,0,0,0,0,0,0,-6,0,0,0,0,0,0,0,-53,73,-95,-98,-95,-67,-82,-83,-94,-39,-83,0,0,0,0,0,0,0,0,0,0,0,0,8,0,43,43,79,77,85,27,54,54,277,277,279,53,53,53,53,0,54,54,61,61,61,61,61,61,61,61,63,65,72,0,68,61,68,68,68,60,68,68,75,61,65,0,0,0,0,0,0,0,0,0,0,0,0,0,0,0,0,0,0,0,0,0,0,0,0,0,0,0,0,0,0,0,0,0,0]} 1. c4 Nf6 2. g3 c5 3. Bg2 d5 4. cxd5 Nxd5 5. Nf3 Nc6 6. d4 cxd4 7. Nxd4 Ndb4 8. Nxc6 Qxd1+ 9. Kxd1 Nxc6 10. Bxc6+ bxc6 11. Be3 a5 {[%cal Ba7a5,Ba5a4][%mdl 32] A30: Symmetrical English: Double Fianchetto and Hedgehog.} 12. Kd2 e5 {[#]} 13. Rd1 $146 ({Predecessor:} 13. Rc1 Rb8 14. b3 Bb4+ 15. Kd1 O-O 16. Bd2 a4 17. bxa4 Rd8 18. Ke1 Be6 19. Bxb4 Rxb4 {½-½ (40) Rakhmanov,A (2621)-Inarkiev,E (2693) Douglas 2019}) 13... Bb4+ {Black is slightly better.} 14. Nc3 a4 15. a3 Ba5 16. Bc5 Be6 17. Ke1 Rb8 18. Kf1 Rxb2 19. Nxa4 Rb5 $36 {[%mdl 2048] Black has good play.} 20. Rdc1 Bb3 21. Nb2 Bd2 22. a4 (22. Nc4 $1 $11 Bxc1 23. Nd6+ Kd7 24. Nxb5) 22... Rb7 (22... Rb8 $1 $15 {stays ahead.}) 23. a5 $2 (23. Nc4 $16 Bxc1 24. Nd6+ Kd7 25. Nxb7) 23... Bxc1 $17 24. Rxc1 Kd7 25. Nd3 e4 $1 {[%cal Re4d3]} 26. Ne5+ Ke6 (26... Kc7 $17 27. Be3 Bd5) 27. a6 Kxe5 (27... Rc7 $17 28. f4 Ra8) 28. axb7 {[%mdl 4096] Endgame KRB-KRB} Rb8 29. Be3 Rxb7 30. Rxc6 Bd5 31. Rb6 Rd7 32. Kg2 f6 33. g4 g5 34. Kg3 h6 35. Bc1 {[%cal Rc1b2]} Bc4 36. Bb2+ Kd5 37. Rxf6 (37. e3 $16) 37... Bxe2 38. Rxh6 Kc4 $2 {[#]} (38... Rb7 $1 $14 39. Bc1 Rb1 40. Bxg5 Rg1+ 41. Kf4 Bxg4) 39. Bc1 $1 $18 Rd1 {[#] ( -> ...Rg1+)} 40. Bxg5 $2 (40. h3 $1 $18) 40... Rg1+ $14 41. Kf4 {h3 is the strong threat.} Rxg4+ 42. Ke3 (42. Kf5 $1 $14) 42... Bf3 (42... Rxg5 $11 43. Kxe2 Kd4) 43. h4 Kd5 44. Bf4 Rg1 45. Bg3 Rh1 46. Kf4 Rh3 47. Rg6 Rh1 48. Kg5 Rh3 49. Kh6 (49. Rd6+ $16 Kc4 50. Rc6+ Kd3 51. Rf6) 49... Rh1 (49... e3 $1 $11 50. fxe3 Ke4) 50. Rd6+ Kc5 51. Re6 Kd4 52. Kg6 Rh3 53. Kg5 Kd3 54. Kf4 Ke2 55. Rxe4+ ({White should play} 55. Re5 $14) 55... Bxe4 $11 {The position is equal.} 56. Kxe4 $14 {KR-KB} Rh1 57. Kf4 Ra1 58. Kg4 Ra4+ 59. f4 Ke3 60. h5 Ke4 61. h6 Ra8 62. Bh2 Rg8+ 63. Kh4 Rg2 64. Bg3 {Strongly threatening h7.} Rg1 65. Kg4 Rh1 66. Bh4 Rg1+ 67. Kh5 Rg8 68. Bg5 {Black must now prevent h7.} Kf5 69. h7 Ra8 70. Kh6 Ra6+ 71. Kg7 Ra7+ {[%mdl 32768] Accuracy: White = 78%, Black = 75%. . Loss on time!?} 1-0